000
00341nam a2200145Ia 4500
008
150201s2008 xx 000 0 und d
082
_a
612.015
_b
F08D
100
_a
DEB ,A.C.
245
_a
FUNDAMENTALS OF BIOCHEMISTRY
250
_a
9TH
260
_b
NCBA
_a
CALLACTTA
_c
2008
300
_a
1-997
650
_a
BIOCHEMISTRY
942
_2
ddc
_c
BK
_0
2
999
_c
594
_d
594